Personnalité politique française par image n°2 - Statistiques

Statistiques générales
  • Ce quiz a été pris 134 fois
  • Le résultat moyen est 9 sur 15
Statistiques - réponses
Par images Réponse % Correct
Simone Veil
90%
Philippe Pétain
89%
Lionel Jospin
85%
Alain Juppé
83%
Arnaud Montebourg
63%
David Douillet
61%
Jean-Yves Le Drian
55%
Nathalie Kosciusko-Morizet
53%
Georges Marchais
51%
Jean-Louis Borloo
49%
Fleur Pellerin
46%
Jacques Cheminade
42%
Michel Sapin
39%
Adolphe Thiers
37%
Félix Faure
21%
Aucun quiz correspondant
Distribution des résultats
% des personnes avec chaque résultat
Percentile par nombre de réponses
Votre historique - résultats
Vous n’avez pas pris ce quiz